| 000 | 01086nam a2200385 a 4500 | ||
|---|---|---|---|
| 003 | AR-BaBNM | ||
| 005 | 20251128204807.0 | ||
| 008 | 082120s2002 ||||||||||||||000 | spa|| | ||
| 040 | _cAR-BaBNM | ||
| 100 | 1 | _aGautier-Vignal, Louis | |
| 245 | 0 | 0 | _aMaquiavelo |
| 250 | _a1ª ed. | ||
| 260 |
_aMéxico, D.F. _bFondo de Cultura Económica _c1971 |
||
| 300 | _a115 p. | ||
| 490 | 0 |
_aBreviarios _vv. 215 |
|
| 500 | _aTraducción de Juan José Utrilla | ||
| 500 | _aContiene tabla cronológica en p. 112-114 | ||
| 500 | _aReferencias bibliográficas en italiano de las obras de Maquiavelo: p. 115 | ||
| 650 | 4 | _aFILOSOFIA POLITICA | |
| 650 | 4 | _aHISTORIA POLITICA | |
| 650 | 4 | _aGOBIERNO | |
| 650 | 4 | _aCIENCIAS SOCIALES | |
| 650 | 4 | _aLIDERAZGO POLITICO | |
| 650 | 4 | _aSOCIOLOGIA POLITICA | |
| 650 | 4 | _aHISTORIA EUROPEA | |
| 650 | 4 | _aRENACIMIENTO | |
| 650 | 4 | _aBIOGRAFIAS | |
| 650 | 4 | _aEDAD MEDIA | |
| 650 | 4 | _aCIENCIAS POLITICAS | |
| 650 | 4 | _aDOCTRINAS POLITICAS | |
| 650 | 4 | _aTEORIA POLITICA | |
| 653 | _aHISTORIA ITALIANA | ||
| 942 | _cBK | ||
| 998 | _cMARTIN | ||
| 999 |
_c8849 _d8849 |
||